Kabale University Library Catalogue

Study guide and activities for Shaffer's developmental psychology : (Record no. 5931)

MARC details
000 -LEADER
fixed length control field 00696nam a22002175a 4500
001 - CONTROL NUMBER
control field 49192
003 - CONTROL NUMBER IDENTIFIER
control field OSt
005 - DATE AND TIME OF LATEST TRANSACTION
control field 20260202132647.0
008 - FIXED-LENGTH DATA ELEMENTS--GENERAL INFORMATION
fixed length control field 930823s1993 cau 000 0 eng
020 ## - INTERNATIONAL STANDARD BOOK NUMBER
International Standard Book Number 0534264395
020 ## - INTERNATIONAL STANDARD BOOK NUMBER
International Standard Book Number 9780534264390
040 ## - CATALOGING SOURCE
Original cataloging agency KABLIB
Transcribing agency KABLIB
Language of cataloging eng
082 ## - DEWEY DECIMAL CLASSIFICATION NUMBER
Edition number 23
Classification number 155.5
Item number LIP
100 1# - MAIN ENTRY--PERSONAL NAME
Personal name Lippman, Marcia Z.
9 (RLIN) 14961
245 10 - TITLE STATEMENT
Title Study guide and activities for Shaffer's developmental psychology :
Remainder of title childhood and adolescence /
Statement of responsibility, etc. Marcia Z. Lippman.
260 ## - PUBLICATION, DISTRIBUTION, ETC.
Place of publication, distribution, etc. Pacific Grove, Calif. :
Name of publisher, distributor, etc. Brooks/Cole Pub. Co.,
Date of publication, distribution, etc. c1996.
300 ## - PHYSICAL DESCRIPTION
Extent 451 p. ;
Dimensions 28 cm.
700 ## - ADDED ENTRY--PERSONAL NAME
Personal name Magnuson, Deborah J. McClendon
9 (RLIN) 14962
700 ## - ADDED ENTRY--PERSONAL NAME
Personal name Collamer, Barbara E.
9 (RLIN) 14963
942 ## - ADDED ENTRY ELEMENTS (KOHA)
Source of classification or shelving scheme Dewey Decimal Classification
Koha item type Book
Holdings
Withdrawn status Lost status Source of classification or shelving scheme Damaged status Not for loan Home library Current library Shelving location Date acquired Source of acquisition Total Checkouts Full call number Barcode Date last seen Price effective from Koha item type
    Dewey Decimal Classification     Mukombe Library Mukombe Library Reserve Section 02.02.2026 Donation   155.5 LIP 14390 02.02.2026 02.02.2026 Book

Kabale University Library | Kabale University P.O Box 317, Kabale, Uganda
Tel : +256754017033, +256774661503 E-mail : library@kab.ac.ug